000
00286nam a2200109Ia 4500
008
200302s9999 xx 000 0 und d
100
_a
Steve Bowkett
245
_a
Archi doodle city/and architects activity book
260
_b
Laurence King Publishing Ltd.,
260
_c
2017
300
_a
80
999
_c
7304
_d
7304